| 000 | 00546nam a2200157Ia 4500 | ||
|---|---|---|---|
| 008 | 151213s9999 xx 000 0 und d | ||
| 100 | _aআবুল কালাম আজাদ। | ||
| 245 |
_aঅবিনাশি বারুদ _cআবুল কালাম আজাদ। |
||
| 250 | _a১ম সং | ||
| 260 |
_aঢাকা _bআবুল কালাম আজাদ। _c1995 |
||
| 300 | _a4364 p. | ||
| 650 | _aBangla | ||
| 650 | _aউপন্যাস | ||
| 700 | _aআবুল কালাম আজাদ। | ||
| 999 |
_c2777 _d2777 |
||